Statistics for Random Pictures Quiz #1

Click here to take the quiz!

General Stats

  • This quiz has been taken 668 times
  • The average score is 13 of 15

Answer Stats

Answer% Correct
Pineapple
99%
Pizza
99%
Zebra
99%
Coconut
98%
Kangaroo
98%
Unicorn
98%
Guitar
95%
Sushi
92%
Dalmatian
91%
Rihanna
87%
Italy
83%
Xylophone
76%
Hawaii
57%
Cyprus
44%
Panama
42%

Score Distribution

Percentile by Number Answered

Percent of People with Each Score

Your Score History

You have not taken this quiz